[Event "28th European Club Cup"]
[Site "Eilat ISR"]
[Date "2012.10.16"]
[Round "6.12"]
[White "Korsunsky, Yuri"]
[Black "Nakar, Eylon"]
[Result "1/2-1/2"]
[WhiteTitle "IM"]
[BlackTitle "IM"]
[WhiteElo "2419"]
[BlackElo "2397"]
[WhiteTeam "Perfect"]
[BlackTeam "Petach Tikva"]
[WhiteFideId "14102722"]
[BlackFideId "2811111"]
[EventDate "2012.10.11"]
[EventType "team-swiss"]

1. d4 Nf6 2. c4 g6 3. Nc3 Bg7 4. e4 d6 5. Bg5 O-O 6. Be2 Na6 7. h4 c5 8. d5 Nc7
9. Qd2 e6 10. h5 exd5 11. exd5 b5 12. cxb5 Qe8 13. Bh6 Bxh6 14. Qxh6 a6 15. bxa6
Nxa6 16. Nf3 Nb4 17. Ng5 Bf5 18. Kf1 Qe5 19. g4 Bc2 20. Rh3 gxh5 21. gxh5 Kh8
22. Re3 Qf5 23. Rf3 Ng8 24. Rxf5 Nxh6 25. Rf6 Kg7 26. Rxd6 Rad8 27. Rxd8 Rxd8
28. Re1 Bd3 29. Rd1 Bxe2+ 30. Kxe2 Nf5 31. Nge4 Nd4+ 32. Kf1 Nxd5 33. Nxc5 Nf4
34. Nb5 Rd5 35. Rxd4 Rxc5 36. Rxf4 Rxb5 37. b4 Rxh5 38. Kg2 Rg5+ 39. Kf3 h5 40.
a4 Rg1 41. a5 Ra1 42. Rf5 Kg6 43. Rb5 Ra3+ 44. Kf4 h4 45. f3 h3 46. Rg5+ Kf6 47.
Rh5 Ra4 48. Kg3 Rxb4 49. Kxh3 Ra4 50. Rb5 Kg6 51. Kg3 f5 52. f4 Ra1 53. Re5 Ra4
54. Kf3 Ra3+ 55. Ke2 Kh5 56. Rxf5+ Kg4 57. Rb5 Kxf4 58. Kd2 Ke4 59. Kc2 Kd4 60.
Kb2 Kc4 61. Rh5 Rb3+ 62. Ka2 Rb5 63. Rh4+ Kc5 64. Ra4 Rb7 65. Ka3 Ra7 66. Kb3
Kb5 1/2-1/2

[Event "28th European Club Cup"]
[Site "Eilat ISR"]
[Date "2012.10.16"]
[Round "6.12"]
[White "Steinberg, Nitzan"]
[Black "Kurochkin, Victor"]
[Result "1/2-1/2"]
[WhiteElo "2370"]
[BlackElo "2423"]
[WhiteTeam "Petach Tikva"]
[BlackTeam "Perfect"]
[WhiteFideId "2801795"]
[BlackFideId "4105168"]
[EventDate "2012.10.11"]
[EventType "team-swiss"]

1. e4 c5 2. Nf3 d6 3. d4 cxd4 4. Nxd4 Nf6 5. Nc3 a6 6. Be3 e5 7. Nb3 Be6 8. f4
Ng4 9. Bd2 exf4 10. Bxf4 Nc6 11. Be2 Nge5 12. O-O Be7 13. Nd5 O-O 14. Qd2 Re8
15. a4 Bf8 16. a5 Rc8 17. Rf2 Bxd5 18. exd5 Nb8 19. Nd4 g6 20. Nf3 Nbd7 21. Rff1
Bg7 22. c3 Nxf3+ 23. Bxf3 Ne5 24. Be2 h5 25. Kh1 f5 26. Qc2 Nf7 27. Qd3 Be5 28.
Qg3 Kh7 29. Bd3 Bxf4 30. Rxf4 Re5 31. c4 Qf6 32. Raf1 Rce8 33. Qf2 R8e7 34. h3
Nh6 35. Rf3 Kg7 36. b4 Nf7 37. Rg3 Ng5 38. Qf4 Ne4 39. Bxe4 Rxe4 40. Qc1 h4 41.
Rgf3 Qd4 42. Rf4 Qd3 43. Rxe4 Rxe4 44. Rf4 Qg3 45. Rf1 Re2 46. Rg1 f4 47. Qa1+
Kf7 48. Qh8 f3 49. Qh7+ Kf8 50. Qh8+ 1/2-1/2

[Event "28th European Club Cup"]
[Site "Eilat ISR"]
[Date "2012.10.16"]
[Round "6.12"]
[White "Slavin, Gennadie"]
[Black "Botvinnik, Ilia"]
[Result "1-0"]
[BlackTitle "IM"]
[WhiteElo "2300"]
[BlackElo "2372"]
[WhiteTeam "Perfect"]
[BlackTeam "Petach Tikva"]
[WhiteFideId "4104870"]
[BlackFideId "2804832"]
[EventDate "2012.10.11"]
[EventType "team-swiss"]

1. e4 c5 2. Nf3 Nc6 3. c3 Nf6 4. d3 e6 5. Nbd2 d5 6. Be2 g6 7. O-O Bg7 8. e5 Nd7
9. d4 O-O 10. Nb3 cxd4 11. cxd4 f6 12. exf6 Nxf6 13. Bf4 Nh5 14. Bg5 Qd6 15. Bb5
Nd8 16. Re1 Nf7 17. Qd2 a6 18. Bf1 b6 19. Qe3 h6 20. Bh4 g5 21. Bg3 Nxg3 22.
hxg3 a5 23. Rad1 a4 24. Nc1 Bd7 25. Bd3 Rae8 26. Bg6 Re7 27. Nd3 Be8 28. Rc1 Qd8
29. Bxf7+ Rfxf7 30. Nfe5 Rf8 31. Nb4 Qd6 32. Qc3 Ra7 33. a3 Bb5 34. Re3 Re8 35.
Qc2 Rf8 36. Qg6 Be8 37. Qc2 Bb5 38. Qg6 Be8 39. Qd3 Rc7 40. Rce1 h5 41. Nf3 Qd8
42. Rxe6 Rcf7 43. Qg6 1-0

[Event "28th European Club Cup"]
[Site "Eilat ISR"]
[Date "2012.10.16"]
[Round "6.12"]
[White "Bar, Roman"]
[Black "Alekseev, Andrey"]
[Result "1-0"]
[WhiteTitle "IM"]
[BlackTitle "IM"]
[WhiteElo "2468"]
[BlackElo "2340"]
[WhiteTeam "Petach Tikva"]
[BlackTeam "Perfect"]
[WhiteFideId "2803879"]
[BlackFideId "4106873"]
[EventDate "2012.10.11"]
[EventType "team-swiss"]

1. e4 g6 2. d4 Bg7 3. c3 d6 4. Nf3 Nf6 5. Qc2 a6 6. Be2 O-O 7. O-O b5 8. a4 Bb7
9. Nbd2 c6 10. e5 Ne8 11. Ne4 h6 12. h4 Nd7 13. e6 fxe6 14. Ng3 Nef6 15. h5 g5
16. Bxg5 hxg5 17. Nxg5 Qe8 18. h6 Bxh6 19. Bh5 Qc8 20. Qg6+ Bg7 21. Bg4 Qe8 22.
Bxe6+ Kh8 23. Bf7 Rxf7 24. Nxf7+ Kg8 25. Nf5 Qf8 26. N5h6# 1-0

[Event "28th European Club Cup"]
[Site "Eilat ISR"]
[Date "2012.10.16"]
[Round "6.12"]
[White "Gluhovsky, Mark"]
[Black "Botvinnik, Mikhail"]
[Result "0-1"]
[WhiteElo "2199"]
[BlackElo "2340"]
[WhiteTeam "Perfect"]
[BlackTeam "Petach Tikva"]
[WhiteFideId "24165514"]
[BlackFideId "2805650"]
[EventDate "2012.10.11"]
[EventType "team-swiss"]

1. e4 c5 2. Nf3 e6 3. b3 b6 4. d4 cxd4 5. Nxd4 a6 6. Bd3 Bb7 7. Qe2 d6 8. Bb2
Nf6 9. Nd2 Nbd7 10. c4 Be7 11. f4 Qc7 12. Rc1 g6 13. O-O e5 14. Nc2 exf4 15.
Rxf4 O-O 16. Rcf1 Nh5 17. R4f3 Ne5 18. Rh3 Bc8 19. Rxh5 gxh5 20. h3 Bg5 21. Nf3
f6 22. Nxg5 fxg5 23. Qxh5 Rxf1+ 24. Bxf1 Qe7 25. Bc1 g4 26. Ne3 Be6 27. hxg4 Qf7
28. Qg5+ Qg6 29. Nf5 Qxg5 30. Bxg5 Nf7 31. Bf4 Re8 32. Bd3 Ne5 33. Be2 Rd8 34.
Kf2 Kf7 35. Ke3 Bxf5 36. gxf5 Rg8 37. g4 Nxg4+ 38. Kd4 Ne5 39. Bxe5 dxe5+ 40.
Kxe5 Re8+ 41. Kf4 Kf6 42. c5 bxc5 43. Bxa6 h5 44. Bb7 h4 45. Kg4 Rh8 46. Kh3 Kg5
47. a4 c4 48. bxc4 Rb8 49. Bd5 Rb3+ 50. Kg2 Kg4 51. f6 Rb2+ 52. Kg1 Kg3 53. Kf1
Rf2+ 54. Ke1 Rxf6 55. e5 Rf5 56. e6 h3 57. Kd2 h2 58. Bh1 Re5 59. Kd3 Rxe6 60.
c5 Re1 61. Bc6 Rg1 62. Kc4 Rg2 63. Kb5 h1=Q 64. Bxg2 Qxg2 65. c6 Qd5+ 66. Kb6
Qb3+ 67. Kc7 Qxa4 68. Kd6 Qd4+ 69. Ke7 Qc5+ 70. Kd7 Qd5+ 71. Kc7 Kf4 72. Kb6 Qd6
73. Kb7 Qb4+ 74. Kc8 Ke5 75. c7 Ke6 0-1

[Event "28th European Club Cup"]
[Site "Eilat ISR"]
[Date "2012.10.16"]
[Round "6.13"]
[White "Haast, Mark"]
[Black "Karttunen, Mika"]
[Result "0-1"]
[BlackTitle "IM"]
[WhiteElo "2287"]
[BlackElo "2445"]
[WhiteTeam "De Stukkenjagers"]
[BlackTeam "Tammer-Shakki"]
[WhiteFideId "1021133"]
[BlackFideId "502081"]
[EventDate "2012.10.11"]
[EventType "team-swiss"]

1. d4 Nc6 2. d5 Ne5 3. e4 e6 4. f4 Ng6 5. dxe6 fxe6 6. Nf3 Bc5 7. Nc3 N8e7 8. h4
O-O 9. h5 Nh8 10. Bd3 Nf7 11. Qe2 d5 12. Bd2 Bd7 13. g4 Nc6 14. e5 b5 15. O-O-O
b4 16. Ne4 Nd4 17. Nxd4 Bxd4 18. Ng3 c5 19. h6 g6 20. f5 Nxe5 21. fxg6 Rf2 22.
gxh7+ Kh8 23. Qe1 Nf3 24. Qxf2 Bxf2 25. Rdf1 Nxd2 26. Rxf2 c4 27. Rxd2 cxd3 28.
Rxd3 Qg5+ 29. Kb1 Rf8 30. Nh5 e5 0-1

[Event "28th European Club Cup"]
[Site "Eilat ISR"]
[Date "2012.10.16"]
[Round "6.13"]
[White "Maki, Veijo"]
[Black "Nabuurs, Mart"]
[Result "1-0"]
[WhiteTitle "IM"]
[WhiteElo "2383"]
[BlackElo "2250"]
[WhiteTeam "Tammer-Shakki"]
[BlackTeam "De Stukkenjagers"]
[WhiteFideId "500046"]
[BlackFideId "1018515"]
[EventDate "2012.10.11"]
[EventType "team-swiss"]

1. e4 c5 2. Nf3 d6 3. d4 cxd4 4. Nxd4 Nf6 5. Nc3 a6 6. Bg5 e6 7. f4 Be7 8. Qf3
Qc7 9. O-O-O Nbd7 10. g4 b5 11. Bxf6 Nxf6 12. g5 Nd7 13. f5 Bxg5+ 14. Kb1 Ne5
15. Qh5 Qe7 16. Nxe6 Bxe6 17. fxe6 g6 18. exf7+ Kxf7 19. Qh3 Kg7 20. Nd5 Qd8 21.
Qc3 Ra7 22. Qa3 Qb8 23. h4 Bh6 24. h5 a5 25. Be2 b4 26. Qg3 Rf7 27. Ne3 Bxe3 28.
Qxe3 h6 29. hxg6 Rf6 30. Rd5 Qc7 31. a3 Rxg6 32. Rg1 Rf8 33. Rxg6+ Kxg6 34. axb4
axb4 35. Qd4 Rf6 36. Qxb4 h5 37. Qe1 Qh7 38. Qh4 Qh6 39. Rd1 Qg5 40. Bxh5+ Kh6
41. Qxg5+ Kxg5 42. Be2 Rh6 43. Ba6 Kf4 44. Bb7 Ke3 45. b3 Nf3 46. Rd3+ Kf4 47.
Kb2 Ne1 48. Rd1 Nf3 49. b4 Ke5 50. Rd5+ Ke6 51. Rd3 Ne5 52. Bd5+ Kd7 53. Ra3 Kc7
54. Ra7+ Kb8 55. Re7 Rh8 56. Kb3 Rh3+ 57. c3 Rh1 58. c4 Rb1+ 59. Kc3 Rc1+ 60.
Kd2 Ra1 61. c5 Nf3+ 62. Ke2 Nd4+ 63. Kd3 dxc5 64. bxc5 Rd1+ 65. Kc4 Nc2 66. c6
Ne3+ 67. Kc5 Rc1+ 68. Kd6 Nc4+ 69. Bxc4 Rxc4 70. Re8+ 1-0

[Event "28th European Club Cup"]
[Site "Eilat ISR"]
[Date "2012.10.16"]
[Round "6.13"]
[White "Muhren, Bianca"]
[Black "Koykka, Pekka"]
[Result "1-0"]
[WhiteTitle "WGM"]
[WhiteElo "2307"]
[BlackElo "2242"]
[WhiteTeam "De Stukkenjagers"]
[BlackTeam "Tammer-Shakki"]
[WhiteFideId "1008498"]
[BlackFideId "504319"]
[EventDate "2012.10.11"]
[EventType "team-swiss"]

1. e4 e6 2. d4 d5 3. Nd2 Nf6 4. e5 Nfd7 5. Bd3 c5 6. c3 Nc6 7. Ne2 Qb6 8. Nf3
cxd4 9. cxd4 f6 10. exf6 Nxf6 11. O-O Bd6 12. Nc3 O-O 13. Bg5 Kh8 14. Bc2 Bd7
15. a3 Rae8 16. Qd3 Re7 17. Rae1 Be8 18. Bxf6 Bg6 19. Bxe7 Bxd3 20. Bxf8 Bxf8
21. Bxd3 Qxb2 22. Nb5 Qb3 23. Re3 e5 24. Nxe5 Nxe5 25. dxe5 Bc5 26. Rc1 b6 27.
e6 1-0

[Event "28th European Club Cup"]
[Site "Eilat ISR"]
[Date "2012.10.16"]
[Round "6.13"]
[White "Kytoniemi, Jyrki"]
[Black "Beukema, Stefan"]
[Result "1/2-1/2"]
[WhiteTitle "FM"]
[BlackTitle "FM"]
[WhiteElo "2283"]
[BlackElo "2271"]
[WhiteTeam "Tammer-Shakki"]
[BlackTeam "De Stukkenjagers"]
[WhiteFideId "501425"]
[BlackFideId "1024523"]
[EventDate "2012.10.11"]
[EventType "team-swiss"]

1. Nc3 d5 2. e4 d4 3. Nb1 e5 4. Bc4 Nf6 5. d3 Bd6 6. Ne2 Nc6 7. a3 Be6 8. Bxe6
fxe6 9. O-O Qd7 10. Nd2 O-O-O 11. Nc4 Rhg8 12. b4 g5 13. b5 Ne7 14. a4 g4 15. c3
dxc3 16. Be3 Kb8 17. Qb3 Ng6 18. Na5 Ka8 19. Qxc3 Be7 20. Nc1 Nf4 21. Qxe5 Nxd3
22. Nxd3 Qxd3 23. Qxc7 Rd7 24. Qc4 Qxe4 25. Rac1 Qxc4 26. Rxc4 Nd5 27. Rfc1 Rdd8
28. Bh6 Ba3 29. Ra1 Bb2 30. Rf1 e5 31. Be3 h5 32. g3 Nc3 33. Rc7 Rb8 34. Nc4
Ne2+ 35. Kg2 Bd4 36. Re1 Nc3 37. Bxd4 exd4 38. b6 axb6 39. Nxb6+ Ka7 40. a5 Rbe8
41. Rxe8 Rxe8 42. Rd7 Re1 43. h3 Rd1 44. hxg4 hxg4 45. Nd5 Ne2 46. Nb4 Ng1 47.
Nc6+ Ka6 48. Rxd4 Rb1 49. Nb8+ Kxa5 50. Rxg4 Ne2 51. Re4 Nc3 52. Re3 Kb4 53. Nd7
b5 54. Ne5 Nd5 55. Rd3 Kc5 56. Nd7+ Kc4 57. Ne5+ Kc5 58. Nd7+ Kc4 59. Ne5+ 1/2-1/2

[Event "28th European Club Cup"]
[Site "Eilat ISR"]
[Date "2012.10.16"]
[Round "6.13"]
[White "Haast, Anne"]
[Black "Penttinen, Jarkko"]
[Result "1/2-1/2"]
[WhiteTitle "WIM"]
[BlackTitle "FM"]
[WhiteElo "2232"]
[BlackElo "2258"]
[WhiteTeam "De Stukkenjagers"]
[BlackTeam "Tammer-Shakki"]
[WhiteFideId "1017292"]
[BlackFideId "501743"]
[EventDate "2012.10.11"]
[EventType "team-swiss"]

1. e4 e6 2. d4 d5 3. Nc3 Nf6 4. Bg5 dxe4 5. Nxe4 Be7 6. Nxf6+ Bxf6 7. Bxf6 Qxf6
8. Nf3 O-O 9. Bd3 c5 10. O-O cxd4 11. Nxd4 Rd8 12. Nb3 Nc6 13. Qc1 b6 14. a4 Bb7
15. Be4 Rac8 16. Qe3 Qxb2 17. Rfb1 Qe5 18. a5 f5 19. Bxc6 Qxe3 20. fxe3 Rxc6 21.
Nd4 Rxd4 22. exd4 Rxc2 23. axb6 axb6 24. Rxb6 Bd5 25. Rb8+ Kf7 26. Ra7+ Kf6 27.
Rf8+ Kg6 28. g3 Rg2+ 29. Kf1 Rxh2 30. Rg8 h6 31. Raxg7+ Kh5 32. g4+ fxg4 33.
Rxg4 Ra2 34. Rg3 Kh4 35. R8g4+ Kh5 36. Rg7 Rh2 37. Kg1 Rh4 38. Rd3 Rg4+ 39. Rxg4
Kxg4 40. Re3 h5 41. Kh2 Kf4 42. Re5 Kg4 43. Re3 Kf4 44. Re5 1/2-1/2

[Event "28th European Club Cup"]
[Site "Eilat ISR"]
[Date "2012.10.16"]
[Round "6.13"]
[White "Natri, Antero"]
[Black "Van Dongen, Cor"]
[Result "1/2-1/2"]
[WhiteElo "2219"]
[BlackElo "2357"]
[WhiteTeam "Tammer-Shakki"]
[BlackTeam "De Stukkenjagers"]
[WhiteFideId "500518"]
[BlackFideId "1007920"]
[EventDate "2012.10.11"]
[EventType "team-swiss"]

1. g3 f5 2. Bg2 Nf6 3. d3 e5 4. d4 e4 5. Bg5 Be7 6. Bxf6 Bxf6 7. e3 O-O 8. c4 c6
9. Nc3 Na6 10. Nge2 d6 11. h4 Nc7 12. O-O g6 13. Nf4 Bd7 14. f3 exf3 15. Bxf3
Qe7 16. Qd2 Rae8 17. Rfe1 Ne6 18. Nxe6 Bxe6 19. b3 Bd7 20. Rad1 Bg7 21. Qh2 Bh6
22. e4 fxe4 23. Bxe4 Qg7 24. Qg2 Bg4 25. Rd3 Re7 26. Rf1 Rfe8 27. Kh2 Kh8 28. a4
a6 29. b4 Be6 30. d5 Bg8 31. c5 cxd5 32. Bxd5 dxc5 33. bxc5 Rc7 34. Bxg8 Rxg8
35. Qd5 Qe7 36. Qd6 Bg7 37. Qxe7 Rxe7 38. Rfd1 Rge8 39. R1d2 Bh6 40. Rd1 Bf8 41.
Rd8 Kg7 42. Kg2 Re3 43. R1d7+ R3e7 44. Nd5 Rxd8 45. Rxd8 Rf7 46. Nf4 Be7 47. Rd7
Bf6 48. Ne6+ Kg8 49. c6 bxc6 50. Rd6 Ra7 51. Rxc6 Kf7 52. Kf3 a5 53. Nc7 Be7 54.
Ke4 Bb4 55. g4 Rb7 56. h5 Be1 57. hxg6+ hxg6 58. Nb5 Re7+ 59. Kd5 Re2 60. Nd6+
Kg7 61. Rc7+ Kg8 62. Ne4 Bb4 63. Nf6+ Kf8 64. Nd7+ Kg7 65. Ne5+ Kh6 66. Nf7+ Kg7
67. g5 Re7 68. Nd8 Rxc7 69. Ne6+ Kf7 70. Nxc7 Bd2 71. Ne6 Ke7 72. Ke5 Be1 73.
Nc5 Bc3+ 74. Kd5 Bb4 75. Nd3 Bd2 76. Ne5 Bxg5 77. Nxg6+ Kd7 78. Nf8+ Kc8 79. Kc6
Bd2 80. Ne6 Kb8 81. Nc5 Ka7 82. Ne4 Be1 83. Kb5 Bb4 84. Nf6 Ka8 85. Nd5 Kb7 86.
Nxb4 axb4 87. Kxb4 Ka6 88. a5 Ka7 89. Kb5 Kb7 90. a6+ Ka7 91. Ka5 Kb8 92. Kb6
Ka8 93. a7 1/2-1/2

[Event "28th European Club Cup"]
[Site "Eilat ISR"]
[Date "2012.10.16"]
[Round "6.14"]
[White "Palliser, Richard J D"]
[Black "Edouard, Romain"]
[Result "0-1"]
[WhiteTitle "IM"]
[BlackTitle "GM"]
[WhiteElo "2458"]
[BlackElo "2664"]
[WhiteTeam "White Rose"]
[BlackTeam "Club d'Echecs Genève"]
[WhiteFideId "407372"]
[BlackFideId "633429"]
[EventDate "2012.10.11"]
[EventType "team-swiss"]

1. d4 Nf6 2. Nf3 e6 3. e3 b6 4. Bd3 Bb7 5. O-O Be7 6. c4 O-O 7. Nc3 d5 8. cxd5
exd5 9. b3 Nbd7 10. Bb2 a6 11. Rc1 Bd6 12. Ne2 Qe7 13. Ng3 g6 14. Qc2 Rac8 15.
Qe2 Ne4 16. Bxa6 Bxa6 17. Qxa6 Ra8 18. Qb7 Rxa2 19. Rc2 Nxg3 20. hxg3 Qe4 21.
Rfc1 Nb8 22. Nd2 Qe6 23. e4 dxe4 24. Qxe4 Na6 25. Qxe6 fxe6 26. Bc3 Rxc2 27.
Rxc2 Kf7 28. Ne4 Ke7 29. g4 h5 30. Re2 hxg4 31. Ng5 Rf6 32. d5 e5 33. Ra2 Rf5
34. Bd2 Nb4 35. Ra8 Nxd5 36. Rh8 Kf6 37. Ne4+ Kf7 38. Rd8 Ke7 39. Rg8 Kf7 40.
Rd8 Ke7 41. Rh8 Rh5 42. Bg5+ Ke6 43. Re8+ Kf5 44. Nxd6+ cxd6 45. Bd2 Rh7 46. Rd8
Ke6 47. Rg8 Nf6 48. Rc8 Ra7 49. Rb8 Ra2 50. Bg5 g3 0-1

[Event "28th European Club Cup"]
[Site "Eilat ISR"]
[Date "2012.10.16"]
[Round "6.14"]
[White "Vuilleumier, Alexandre"]
[Black "Van De Griendt, Jan Willem"]
[Result "0-1"]
[WhiteTitle "IM"]
[BlackTitle "FM"]
[WhiteElo "2326"]
[BlackElo "2318"]
[WhiteTeam "Club d'Echecs Genève"]
[BlackTeam "White Rose"]
[WhiteFideId "1305662"]
[BlackFideId "1002112"]
[EventDate "2012.10.11"]
[EventType "team-swiss"]

1. e4 e6 2. d4 d5 3. e5 c5 4. c3 Nc6 5. Nf3 Nh6 6. Bxh6 gxh6 7. Be2 Bg7 8. O-O
cxd4 9. cxd4 O-O 10. Nbd2 f6 11. exf6 Qxf6 12. Nb3 Kh8 13. Bb5 Ne7 14. Bd3 Nc6
15. Re1 a5 16. a4 Nb4 17. Bb5 b6 18. Rc1 e5 19. dxe5 Qg6 20. Nfd4 Bh3 21. g3 Ra7
22. Nc6 Raf7 23. Nxb4 axb4 24. Rc6 Qg5 25. e6 Re7 26. Qc2 Qf6 27. f4 Bf5 28. Bd3
Bxd3 29. Qxd3 Qxb2 30. Qxd5 Qa2 31. Rd6 Qxa4 32. Rd8 Rfe8 33. Rd1 Bf6 34. f5 Kg7
35. Rxe8 Qxe8 36. Kg2 Rc7 37. Rd2 h5 38. Ra2 h4 39. g4 h3+ 40. Kxh3 h5 41. g5
Rc3+ 42. Kg2 Bxg5 43. Nd4 Ra3 44. Re2 Bf6 45. e7 Ra7 46. Ne6+ Kh8 47. Nf4 Kg7
48. Nxh5+ Qxh5 49. e8=Q Qg4+ 50. Kf1 Qf4+ 51. Kg2 Qg4+ 52. Kf1 Qf4+ 53. Rf2 Ra1+
54. Ke2 Qg4+ 55. Qf3 Qc4+ 56. Qd3 Ra2+ 57. Ke1 Qc1+ 58. Qd1 Bc3+ 59. Rd2 Bxd2+
60. Kf2 Bg5+ 61. Qde2 Qf4+ 62. Ke1 Rxe2+ 63. Kxe2 Qxh2+ 64. Kd3 Qd6+ 65. Kc4
Qc5+ 66. Kb3 Qxf5 0-1

[Event "28th European Club Cup"]
[Site "Eilat ISR"]
[Date "2012.10.16"]
[Round "6.14"]
[White "Townsend, M Paul"]
[Black "Gerber, Richard"]
[Result "1-0"]
[BlackTitle "IM"]
[WhiteElo "2240"]
[BlackElo "2421"]
[WhiteTeam "White Rose"]
[BlackTeam "Club d'Echecs Genève"]
[WhiteFideId "402320"]
[BlackFideId "1300652"]
[EventDate "2012.10.11"]
[EventType "team-swiss"]

1. d4 Nf6 2. c4 g6 3. Nc3 Bg7 4. e4 d6 5. Nf3 O-O 6. Be2 e5 7. O-O Nbd7 8. Be3
h6 9. dxe5 dxe5 10. Qc1 Ng4 11. Bd2 Kh7 12. Ng5+ hxg5 13. Bxg4 f6 14. Rd1 Rf7
15. Qc2 c6 16. Qd3 Qe8 17. Qh3+ Bh6 18. Be3 Nb6 19. Bxb6 axb6 20. Bxc8 Qxc8 21.
Qxc8 Rxc8 22. Na4 b5 23. Nb6 Rcc7 24. cxb5 cxb5 25. Rac1 Rxc1 26. Rxc1 Bf8 27.
Nd5 Bd6 28. g4 Rf8 29. a3 f5 30. f3 Kg7 31. Kg2 fxe4 32. fxe4 Ra8 33. Rc3 Ra4
34. b4 Ra8 35. h3 Kf7 36. Nb6 Ra6 37. Nd5 Rc6 38. Kf2 Ke6 39. Ke2 Bb8 40. Kd2
Ba7 41. Nc7+ Kd7 42. Nxb5 Bg1 43. Rxc6 Kxc6 44. a4 Bb6 45. Kd3 Bd8 46. Kc4 Bb6
47. a5 Bf2 48. Nc3 Be1 49. Nd5 Bd2 50. b5+ Kd6 51. a6 bxa6 52. bxa6 Kc6 53. Ne7+
Kb6 54. Kd5 Kxa6 55. Nxg6 Kb6 56. Nxe5 Kc7 57. Nf3 Bf4 58. Ke6 1-0

[Event "28th European Club Cup"]
[Site "Eilat ISR"]
[Date "2012.10.16"]
[Round "6.14"]
[White "Duport, Nicolas"]
[Black "Barrett, Stephen J"]
[Result "1-0"]
[WhiteElo "2199"]
[BlackElo "2225"]
[WhiteTeam "Club d'Echecs Genève"]
[BlackTeam "White Rose"]
[WhiteFideId "1314424"]
[BlackFideId "408727"]
[EventDate "2012.10.11"]
[EventType "team-swiss"]

1. e4 c5 2. Nf3 e6 3. d4 cxd4 4. Nxd4 Nf6 5. Nc3 d6 6. g4 e5 7. Bb5+ Bd7 8.
Bxd7+ Qxd7 9. Nf5 h5 10. gxh5 Nxh5 11. Bh6 g6 12. Bxf8 gxf5 13. Bxd6 Nc6 14. Bc5
Nd4 15. Bxd4 exd4 16. Nd5 O-O-O 17. Qxd4 Rhe8 18. O-O-O Kb8 19. Qc3 Rc8 20. Qf3
Qc6 21. Rd2 Nf6 22. Qf4+ Ka8 23. Nxf6 Qxf6 24. Qxf5 Qxf5 25. exf5 Re5 26. h4
Rxf5 27. h5 Kb8 28. h6 Rh8 29. h7 Rg5 30. Rd4 Rg7 31. Rdh4 Kc7 32. Rh6 Kd7 33.
Kd2 Ke7 34. Ke3 f6 35. Kf4 Ke6 36. R1h5 Rc7 37. c3 Rc4+ 38. Ke3 Rc7 39. f4 a6
40. a4 Rc4 41. a5 Rc7 42. Kd3 Rc6 43. b3 Rc7 44. c4 Rg7 45. Ke4 Rg1 46. Rg5 Re1+
47. Kd4 Kf7 48. Rg8 Rxg8 49. Rxf6+ Kg7 50. hxg8=Q+ Kxg8 51. Rb6 Re7 52. f5 Kf7
53. f6 Rc7 54. Kd5 Rd7+ 55. Ke5 1-0

[Event "28th European Club Cup"]
[Site "Eilat ISR"]
[Date "2012.10.16"]
[Round "6.14"]
[White "Gayson, Peter M"]
[Black "Preissmann, Emmanuel"]
[Result "1/2-1/2"]
[BlackTitle "FM"]
[WhiteElo "2207"]
[BlackElo "2222"]
[WhiteTeam "White Rose"]
[BlackTeam "Club d'Echecs Genève"]
[WhiteFideId "401838"]
[BlackFideId "1300342"]
[EventDate "2012.10.11"]
[EventType "team-swiss"]

1. e4 e5 2. Nf3 Nc6 3. d4 exd4 4. Bc4 Nf6 5. O-O Nxe4 6. Re1 d5 7. Bxd5 Qxd5 8.
Nc3 Qh5 9. Nxe4 Be6 10. Bg5 h6 11. Bf6 Qg6 12. Nh4 Qg4 13. Qxg4 Bxg4 14. Nd6+
Kd7 15. Nxf7 Rg8 16. Ne5+ Nxe5 17. Bxe5 c5 18. f3 Be6 19. Ng6 Bf5 20. Nxf8+
Raxf8 21. Re2 g5 22. Rae1 Re8 23. Kf2 h5 24. Bf6 Rxe2+ 25. Rxe2 Rg6 26. Bh8 Re6
27. Rxe6 Kxe6 28. c3 Kd5 29. cxd4 cxd4 30. Ke2 g4 31. fxg4 hxg4 32. Bg7 Be4 33.
Kf2 Bb1 34. a3 Bf5 35. Ke2 a5 36. Bf6 b5 37. Bd8 a4 38. Bf6 Ke4 39. Bg7 Be6 40.
Bf6 Bc4+ 41. Kd2 Bf1 42. g3 Bc4 1/2-1/2

[Event "28th European Club Cup"]
[Site "Eilat ISR"]
[Date "2012.10.16"]
[Round "6.14"]
[White "Kovacevic, Vladimir"]
[Black "O'driscoll, Kieran"]
[Result "0-1"]
[WhiteElo "2210"]
[BlackElo "2113"]
[WhiteTeam "Club d'Echecs Genève"]
[BlackTeam "White Rose"]
[WhiteFideId "906662"]
[BlackFideId "2501899"]
[EventDate "2012.10.11"]
[EventType "team-swiss"]

1. e4 d5 2. exd5 Nf6 3. d4 Bg4 4. Nf3 Qxd5 5. Be2 e6 6. O-O Nc6 7. h3 Bh5 8. c4
Qd6 9. Be3 Be7 10. a3 O-O 11. b4 a6 12. Nc3 Rfd8 13. c5 Qd7 14. g4 Bg6 15. Ne5
Nxe5 16. dxe5 Ne4 17. Qxd7 Rxd7 18. Rfd1 Rad8 19. Rxd7 Rxd7 20. Rd1 Rxd1+ 21.
Nxd1 f6 22. f3 Ng5 23. Bxg5 fxg5 24. Bc4 Kf7 25. Kf2 a5 26. Ke3 axb4 27. axb4 b6
28. Kd4 bxc5+ 29. bxc5 Bf8 30. Nc3 Ke7 31. Ne2 Kd7 32. Bb5+ Kd8 33. Kc4 Bb1 34.
Nc3 Bc2 35. Bc6 h6 36. Bb5 Bg6 37. Kd4 Kc8 38. Bc4 Kd7 39. Bb5+ Kc8 40. Bc4 Kd7
41. c6+ Kxc6 42. Bxe6 Ba3 43. Kc4 Bb2 44. Nd5 Bxe5 45. Bg8 Kd6 46. Nb4 Bb1 47.
Kb3 Bg6 48. Bc4 Be8 49. Nc2 Bc6 50. Be2 Bd5+ 51. Kb4 c5+ 52. Kb5 Bf6 53. Ne3 Be6
54. Nf5+ Bxf5 55. gxf5 Bd4 56. Kc4 Ke5 57. Bd3 Kf4 58. Be4 Kg3 59. Kd3 Kxh3 60.
Ke2 Kg3 61. Bd5 h5 62. Kf1 h4 0-1

[Event "28th European Club Cup"]
[Site "Eilat ISR"]
[Date "2012.10.16"]
[Round "6.15"]
[White "Ajvazi, Ramadan"]
[Black "Bulanov, Dmitri"]
[Result "0-1"]
[BlackTitle "FM"]
[WhiteElo "2164"]
[BlackElo "2376"]
[WhiteTeam "Chess Club Expik"]
[BlackTeam "Ladia Minsk"]
[WhiteFideId "909122"]
[BlackFideId "13506382"]
[EventDate "2012.10.11"]
[EventType "team-swiss"]

1. g3 Nf6 2. Bg2 g6 3. Nf3 Bg7 4. O-O O-O 5. c4 d6 6. d4 Nbd7 7. Nc3 e5 8. e4 c6
9. h3 Qb6 10. dxe5 Nxe5 11. Nxe5 dxe5 12. Qe2 Be6 13. Be3 Qb4 14. Rfd1 Bxc4 15.
Qd2 Qa5 16. Nd5 Qxd2 17. Nxf6+ Bxf6 18. Rxd2 Rfd8 19. Rxd8+ Bxd8 20. b3 Be6 21.
f4 Bb6 22. Kf2 f6 23. Rd1 Kf8 24. Bxb6 axb6 25. Rd2 Ke7 26. Ke3 b5 27. Bf1 b4
28. g4 exf4+ 29. Kxf4 Ra5 30. Rc2 h5 31. Be2 h4 32. Bf1 g5+ 33. Ke3 c5 34. Be2
b6 35. Bf1 Ra8 36. Rd2 Rd8 37. Rxd8 Kxd8 38. Bd3 Ke7 39. Be2 Kd6 40. Bb5 Ke5 41.
Ba6 Bd7 42. Bb7 Bb5 0-1